Statistics for FBS schools with the highest student populations

Click here to take the quiz!

General Stats

  • This quiz has been taken 24 times
  • The average score is 34 of 50

Answer Stats

HintAnswer% Correct
34,900Ohio
95%
68,100Ohio State
95%
45,200Arizona
90%
43,700Indiana
90%
46,000Michigan
90%
51,800Texas
90%
33,400Virginia Tech
90%
38,500Alabama
86%
56,100Florida
86%
41,900Florida State
86%
38,200Georgia
86%
51,200Illinois
86%
46,600Penn State
86%
45,400UCLA
86%
51,800Arizona State
81%
50,300Michigan State
81%
50,100South Carolina
81%
33,000Utah
81%
33,000Iowa
76%
41,200Maryland
76%
47,800Minnesota
76%
43,400Purdue
76%
69,400Texas A&M
76%
68,600UCF
76%
47,900Washington
76%
44,400Wisconsin
76%
33,200Colorado
71%
35,500North Carolina State
71%
70,900Rutgers
71%
45,700USC
71%
42,500California
67%
32,700Georgia Tech
67%
38,200Texas Tech
67%
33,600BYU
62%
42,700Houston
62%
33,400Iowa State
62%
30,900Oregon State
62%
32,200UConn
62%
52,800Georgia State
57%
50,700USF
57%
46,000Cincinnati
52%
34,900San Diego State
48%
40,000Temple
48%
31,500Buffalo
38%
56,800FIU
33%
39,400North Texas
29%
33,800Colorado State
19%
32,800San Jose State
19%
38,800Texas State
19%
39,300Kent State
5%

Score Distribution

Percentile by Number Answered

Percent of People with Each Score

Your Score History

You have not taken this quiz